00788cam a22002291a 450000100060000000300080000600500170001400800410003103500190007203500110009104000350010204100080013708200250014510000300017024500820020026000270028230000330030965100460034294200120038899900170040095201410041742204BD-RjUL20211209053516.0160611s1953 nyua 1 0 eng d a(BD-RjUL)42322 a964339 aNUNbengcNUNdNNCU:AdBD-RjUL aeng04a327.73223bLEE 19531 aLeonard, Larry L.912979110aElements of American foreign policy /ced. and partly written by L.L.Leonard. aN.Y. :bMcGraw,c1953. axvi, 611 p. :bill ;c24 CM. 0aUnited StatesxForeign relations.9129792 2ddccBK c42204d42204 00102ddc40708NFICaRUCLbRUCLcStackd1958-02-28eU.S.I.S. Dacea Gratsl0o327.73 LEE 1953r2016-06-11 00:00:00tC-2w2016-06-11yBK